[Event "Kurpfalz Seniors op 11th"]
[Site "Ludwigshafen"]
[Date "2005.09.22"]
[Round "5"]
[White "Vakuliuk, Fiodor"]
[Black "Pracht, Hans Dieter"]
[Result "1-0"]
[WhiteElo "1848"]
[BlackElo "1722"]
[PlyCount "77"]
[EventDate "2005.09.18"]
[EventType "swiss"]
[EventRounds "7"]
[EventCountry "GER"]
[SourceTitle "EXT 2007"]
[Source "ChessBase"]
[SourceDate "2006.11.23"]
[SourceVersion "1"]
[SourceVersionDate "2006.11.23"]
[SourceQuality "1"]

1. e4 e5 2. Nf3 Nc6 3. Nc3 Nf6 4. d3 h6 5. Be2 Bb4 6. 0-0 d6 7. Nd5 Ba5 8. c3 0-0 9. b4 Bb6 10. a4 a6 11. Nxb6 cxb6 12. Ba3 Re8 13. c4 Bg4 14. Nd2 Bxe2 15. Qxe2 Nd4 16. Qd1 Rc8 17. b5 a5 18. Nb1 Qd7 19. Nc3 Qd8 20. Bc1 Ne6 21. Be3 Nc5 22. Ra2 Qc7 23. g3 Qd7 24. Kg2 Qe7 25. Rd2 Qc7 26. f3 Ncd7 27. g4 Kh7 28. h4 Ng8 29. g5 f6 30. f4 Ne7 31. gxh6 gxh6 32. f5 Rg8+ 33. Kh2 Rg7 34. Qh5 Ng8 35. Rg1 Rxg1 36. Kxg1 Nf8 37. Nd5 Qd8 38. Qf7+ Kh8 39. Rg2 1-0

[Event "Kurpfalz Seniors op 11th"]
[Site "Ludwigshafen"]
[Date "2005.09.20"]
[Round "3"]
[White "Minz, Michail"]
[Black "Vakuliuk, Fiodor"]
[Result "1-0"]
[WhiteElo "2012"]
[BlackElo "1848"]
[PlyCount "65"]
[EventDate "2005.09.18"]
[EventType "swiss"]
[EventRounds "7"]
[EventCountry "GER"]
[SourceTitle "EXT 2007"]
[Source "ChessBase"]
[SourceDate "2006.11.23"]
[SourceVersion "1"]
[SourceVersionDate "2006.11.23"]
[SourceQuality "1"]

1. e4 e5 2. Nf3 Nc6 3. Nc3 Bc5 4. Nd5 d6 5. Bb5 a6 6. Ba4 b5 7. Bb3 Na5 8. d3 c6 9. Ne3 Ne7 10. c3 Nxb3 11. Qxb3 Be6 12. Qd1 f6 13. d4 Bb6 14. 0-0 0-0 15. b3 Qc7 16. Bb2 Rad8 17. Qe2 d5 18. exd5 cxd5 19. dxe5 fxe5 20. Ng5 Bc8 21. Nf3 d4 22. Nd1 Bg4 23. Qxe5 Bxf3 24. Qxc7 Bxc7 25. gxf3 dxc3 26. Nxc3 Rxf3 27. Kg2 Rdd3 28. Ne4 Ng6 29. Rac1 Nh4+ 30. Kh1 Bd8 31. Rfd1 Bb6 32. Rg1 Rd7 33. Rc8+ 1-0

[Event "Kurpfalz Seniors op 11th"]
[Site "Ludwigshafen"]
[Date "2005.09.19"]
[Round "2"]
[White "Vakuliuk, Fiodor"]
[Black "Bounianer, Vladimir"]
[Result "1/2-1/2"]
[WhiteElo "1848"]
[BlackElo "2183"]
[PlyCount "111"]
[EventDate "2005.09.18"]
[EventType "swiss"]
[EventRounds "7"]
[EventCountry "GER"]
[SourceTitle "EXT 2007"]
[Source "ChessBase"]
[SourceDate "2006.11.23"]
[SourceVersion "1"]
[SourceVersionDate "2006.11.23"]
[SourceQuality "1"]

1. e4 e5 2. Nf3 Nf6 3. Nc3 Nc6 4. d4 Bb4 5. Bg5 h6 6. Bxf6 Qxf6 7. d5 Nd4 8. a3 Bxc3+ 9. bxc3 Nxf3+ 10. Qxf3 Qxf3 11. gxf3 d6 12. h4 0-0 13. Rb1 f5 14. Bd3 b6 15. Ke2 fxe4 16. Bxe4 Rf4 17. Rhg1 Bf5 18. Bxf5 Rxf5 19. Rg4 Raf8 20. Rbg1 R8f7 21. R1g3 e4 22. fxe4 Rxf2+ 23. Kd3 R2f3+ 24. Rxf3 Rxf3+ 25. Kd4 Rf2 26. Kd3 Rh2 27. c4 Rh3+ 28. Kd4 Rxa3 29. Rf4 a5 30. e5 dxe5+ 31. Kxe5 Re3+ 32. Kd4 Re2 33. Kd3 Re1 34. Kc3 Re7 35. c5 bxc5 36. Kc4 Re2 37. c3 Re3 38. h5 Re5 39. Kxc5 Rxh5 40. Kc6 Re5 41. c4 g5 42. Rf6 Re4 43. Kxc7 Rxc4+ 44. Rc6 Rd4 45. d6 Kf7 46. Rc1 Ke6 47. Re1+ Kf5 48. Rh1 Rc4+ 49. Kd8 Kg6 50. Rd1 h5 51. d7 Kf7 52. Rd5 g4 53. Rxh5 a4 54. Rf5+ Ke6 55. Rf1 g3 56. Ke8 1/2-1/2